| 000 | 00669cam6a220020500 4500 | ||
|---|---|---|---|
| 001 | qce02430393 | ||
| 005 | 20190813182211.0 | ||
| 008 | 820221s1948 dcu 000 0 eng d | ||
| 035 | _a(Sirsi) r27436 | ||
| 035 | _a(QCAT)lss04956366 | ||
| 035 | _a(UPRA)qce02430393 | ||
| 040 | _dUPRA | ||
| 060 | 0 |
_aWF 310 _bK47p 1948 |
|
| 100 | 1 |
_aKiefer, Norvin C. _6A91530.1 |
|
| 245 | 1 | 0 |
_aPresent concepts of rehabilitation in tuberculosis : _ba review of the literature, 1938-1947. |
| 260 |
_a[Washington, DC] : _bNational Tuberculosis Association, _c[c1948] |
||
| 504 | _aBibliography: p. 307-354. | ||
| 949 |
_aRC311.1 _wLC _i-28761 _mMEDICAL _tBOOK _lON-SHELF |
||
| 004 | 27436 | ||
| 999 |
_c45734 _d45734 |
||